000 00647nam a2200181 4500
001 18679
005 20201125173904.0
007 tu
008 170314s1757||||||| ger
245 0 0 _aTabula Lectionum Publice Et Privatim In Academia Regia Viadrina Per Semestre Aestinum MDCCLVII. Habendarum
264 _aFrankfurt (Oder)
_bWinter
_c1757
365 _c€
546 _adeutsch
650 0 4 _aUniversität
650 0 4 _aFrankfurt (Oder)
650 0 4 _aVorlesungsverzeichnis
650 0 4 _ade Steinwehr, Boehmer, Jablonski, Grillo, Stosch, Causse, de Hackeman, Uhlius, Surland, Polac, de Bergen, Cartheuser, Westerman, Baumgarten, Nicolai
999 _c78946
_d78946